Technology by Letter: G - Statistics

General Stats
  • This quiz has been taken 26 times
  • The average score is 5 of 11
Answer Stats
Hint Answer % Correct
Leading online search engine Google
100%
Satellite-based navigation system GPS / GLONASS / Galileo
82%
Transparent material made from sand Glass
73%
Venetian boat Gondola
68%
Explosive weapon Grenade
68%
Structure used to restrict access Gate
55%
Archaic explosive Gunpowder
27%
Disk that spins freely in space Gyroscope
27%
Method for chemical analysis Gas chromatography
9%
One of the discoverers of electricity Galvani
0%
Type of light source, e.g., neon lights Gas-discharge lamp
0%
No matching quizzes found
Score Distribution
Percent of People with Each Score
Percentile by Number Answered
Your Score History
You have not taken this quiz